000 00741nam a2200217Ii 4500
003 JO-AjNU
008 230605s9999||||xx |||||||||||||| ||und||
040 _aJO-AjNU
_bara
_erda
_cJO-AjNU
041 _aara
050 1 4 _aHD9018.2004
100 3 _aعبيد الناصر،ناصر,
_eauthor
_918842
245 0 0 _aاشكالية الامن الغذائي العربي : النموذج السوري للاكتفاء الذاتي
250 _aط1
264 3 1 _aدمشق:وزارة الثقافة،2004
300 _a191ص
336 _atext
_btxt
_2rdacontent
337 _aunmediated
_bn
_2rdamedia
338 _avolume
_bnc
_2rdacarrier
490 0 _aقضايا راهنة؛3
650 4 _aالأغذية - الامن الغذاتي
_918843
999 _aA6102
_c9670
_d9670